<?xml version="1.0" encoding="UTF-8"?>
<collection xmlns="http://www.loc.gov/MARC21/slim">
 <record>
  <leader>01099nam a2200277   4500</leader>
  <controlfield tag="001">0023790</controlfield>
  <controlfield tag="003">BD-DhAAL</controlfield>
  <controlfield tag="008">111123s1997    bg       w    000 0 mul d</controlfield>
  <datafield tag="040" ind1=" " ind2=" ">
   <subfield code="a">BD-DhAAL</subfield>
   <subfield code="c">BD-DhAAL</subfield>
  </datafield>
  <datafield tag="082" ind1="0" ind2="0">
   <subfield code="a">348.5492046</subfield>
   <subfield code="2">22</subfield>
  </datafield>
  <datafield tag="245" ind1="0" ind2="4">
   <subfield code="a">The Mainstream Law Reports.</subfield>
   <subfield code="n">Volume II /</subfield>
   <subfield code="c">editor in charge, Abu Hena Mohammad Mohsin</subfield>
  </datafield>
  <datafield tag="246" ind1="1" ind2="7">
   <subfield code="a">MLR</subfield>
  </datafield>
  <datafield tag="260" ind1=" " ind2=" ">
   <subfield code="a">Dhaka :</subfield>
   <subfield code="b">Shahanaj Khondaker,</subfield>
   <subfield code="c">1997.</subfield>
  </datafield>
  <datafield tag="300" ind1=" " ind2=" ">
   <subfield code="a">Various pagings ;</subfield>
   <subfield code="c">24 cm</subfield>
  </datafield>
  <datafield tag="362" ind1="0" ind2=" ">
   <subfield code="a">Vol. 2</subfield>
  </datafield>
  <datafield tag="500" ind1=" " ind2=" ">
   <subfield code="a">Regd. DA-NO 50/95, Vol-II</subfield>
  </datafield>
  <datafield tag="500" ind1=" " ind2=" ">
   <subfield code="a">Citation :MLR</subfield>
  </datafield>
  <datafield tag="500" ind1=" " ind2=" ">
   <subfield code="a">a monthly legal journal </subfield>
  </datafield>
  <datafield tag="541" ind1=" " ind2=" ">
   <subfield code="e">00023790</subfield>
  </datafield>
  <datafield tag="650" ind1=" " ind2="0">
   <subfield code="a">Law reports, digests, etc.</subfield>
   <subfield code="z">Bangladesh.</subfield>
  </datafield>
  <datafield tag="700" ind1="1" ind2=" ">
   <subfield code="a">Mohsin, Abu Hena Mohammad.</subfield>
   <subfield code="9">59441</subfield>
  </datafield>
  <datafield tag="852" ind1="1" ind2=" ">
   <subfield code="a">Ayesha Abed Library</subfield>
  </datafield>
  <datafield tag="942" ind1=" " ind2=" ">
   <subfield code="2">ddc</subfield>
   <subfield code="c">RSV</subfield>
  </datafield>
  <datafield tag="999" ind1=" " ind2=" ">
   <subfield code="c">11487</subfield>
   <subfield code="d">11487</subfield>
  </datafield>
  <datafield tag="952" ind1=" " ind2=" ">
   <subfield code="0">0</subfield>
   <subfield code="1">0</subfield>
   <subfield code="4">0</subfield>
   <subfield code="6">348_549204600000000_MAI</subfield>
   <subfield code="7">0</subfield>
   <subfield code="9">18652</subfield>
   <subfield code="a">BRACUL</subfield>
   <subfield code="b">BRACUL</subfield>
   <subfield code="c">REF</subfield>
   <subfield code="d">2011-11-23</subfield>
   <subfield code="l">1</subfield>
   <subfield code="o">348.5492046 MAI</subfield>
   <subfield code="p">3010023790</subfield>
   <subfield code="r">2017-03-15</subfield>
   <subfield code="s">2017-03-15</subfield>
   <subfield code="t">1</subfield>
   <subfield code="w">2011-11-23</subfield>
   <subfield code="y">RSV</subfield>
  </datafield>
  <datafield tag="952" ind1=" " ind2=" ">
   <subfield code="0">0</subfield>
   <subfield code="1">0</subfield>
   <subfield code="2">ddc</subfield>
   <subfield code="4">0</subfield>
   <subfield code="6">348_549204600000000_MAI</subfield>
   <subfield code="7">0</subfield>
   <subfield code="9">19883</subfield>
   <subfield code="a">BRACUL</subfield>
   <subfield code="b">BRACUL</subfield>
   <subfield code="c">REF</subfield>
   <subfield code="d">2012-04-04</subfield>
   <subfield code="l">2</subfield>
   <subfield code="o">348.5492046 MAI</subfield>
   <subfield code="p">3010024862</subfield>
   <subfield code="r">2022-10-27</subfield>
   <subfield code="s">2022-10-27</subfield>
   <subfield code="t">2</subfield>
   <subfield code="w">2012-04-04</subfield>
   <subfield code="y">RSV</subfield>
  </datafield>
 </record>
</collection>
